| 000 | 01248cam a2200325 a 4500 | ||
|---|---|---|---|
| 001 | 13653553 | ||
| 005 | 20041109141148.0 | ||
| 008 | 040713s2003 enka b 001 0 eng d | ||
| 020 | _a0077099931 | ||
| 040 |
_aUKM _cUKM _dDLC |
||
| 082 | 0 | 4 |
_a338.04 _222 _bDEA |
| 100 | 1 |
_aDeakins, David, _d1950- _929543 |
|
| 245 | 1 | 0 | _aEntrepreneurship and Small Firms. |
| 250 | _a3rd ed. | ||
| 260 |
_aLondon : _bMcGraw-Hill Education, _cc2003. |
||
| 300 |
_axxi, 362 p. : _bill. ; _c25 cm. |
||
| 500 | _aDonation from : David Kirby | ||
| 500 | _aPrevious ed.: 1999. | ||
| 504 | _aIncludes bibliographical references and index. | ||
| 650 | 0 |
_aEntrepreneurship _zGreat Britain. _929544 |
|
| 650 | 0 |
_aSmall business _zGreat Britain. _929545 |
|
| 650 | 0 |
_aSmall business _xManagement. _929546 |
|
| 650 | 0 |
_aNew business enterprises. _929547 |
|
| 650 | 0 |
_aNew business enterprises _zGreat Britain. _929548 |
|
| 653 |
_bBus _cApril2012 |
||
| 700 | 1 |
_aFreel, Mark S. _929549 |
|
| 942 |
_2ddc _cBB |
||
| 999 |
_c16623 _d16623 |
||